000 00263nam a22001097a 4500
003 URS
005 20220114171911.0
008 180129b xxu||||| |||| 00| 0 eng d
245 _aElements of Applied Energy
700 _4author
_aMorse, Frederick T
942 _2lcc
_cFR
999 _c15104
_d15104